000
00281nam a22001337a 4500
008
170802b xxu||||| |||| 00| 0 eng d
020
_a
0201120038
041
_a
eng
080
_a
004
100
_a
32
101
_a
SHK
245
_a
FILE STRUCUTRES
_c
FOLK,M.J
942
_2
udc
_c
BK
999
_c
22527
_d
22527